000 00411 a2200169 4500
001 71174
020 _a8508096615
040 _cAnchieta - Colégio São Paulo
100 _aAzevedo, Ricardo
240 1 0 _aNinguém sabe o que é um poema
_lpor
245 1 0 _aNinguém sabe o que é um poema
300 _a63[8p.]
362 0 _a2005
440 1 _aÁtica
650 4 _aLiteratura infanto-juvenil
942 _cBK
999 _c71174
_d71174